La primacía de la caridad en teología moral: ensayo metodológico
Gespeichert in:
| 1. Verfasser: | |
|---|---|
| Format: | Buch |
| Sprache: | Spanisch |
| Veröffentlicht: |
Bilbao
Desclée de Brouver
1957
|
| Schriftenreihe: | Veritas et Justitia, 3
|
| Schlagworte: | |
| Tags: |
Tag hinzufügen
Keine Tags, Fügen Sie den ersten Tag hinzu!
|
MARC
| LEADER | 00000nam a2200000 a 4500 | ||
|---|---|---|---|
| 001 | UCR2192 | ||
| 003 | CL-VaPUC | ||
| 008 | 980109e19570000SP |||||||||||||||||spa|d | ||
| 082 | 0 | 4 | |a 241 |b GIL |2 21 |
| 100 | |a Gilleman, Gérard |e author |9 401914 | ||
| 245 | 1 | 3 | |a La primacía de la caridad en teología moral: ensayo metodológico |
| 300 | |a 484 p | ||
| 942 | |c BK | ||
| 945 | |d 19980109 00:00:00 |a rleighto | ||
| 260 | |a Bilbao |b Desclée de Brouver |c 1957 | ||
| 650 | 0 | |a Cristianismo |9 257361 | |
| 650 | 0 | |a Teología moral |9 256617 | |
| 650 | 7 | |a CARIDAD |2 CL-VaPUC |9 307339 | |
| 650 | 0 | |a Virtudes infusas |9 401915 | |
| 650 | 0 | |a Virtudes |9 309526 | |
| 650 | 0 | |a Amor |9 257817 | |
| 650 | 0 | |a Eucaristía |9 257336 | |
| 650 | 0 | |a Religión |9 255164 | |
| 583 | |a last modification |c 19980109 00:00:00 |k Rodrigo Vera | ||
| 490 | 0 | |a Veritas et Justitia, 3 | |
| 999 | |c 265452 |d 265450 | ||
| 952 | |0 0 |1 2 |4 0 |6 241_000000000000000_GIL_1957 |7 0 |8 A |9 296373 |a BIBTEO |b BIBTEO |d 2019-11-20 |i 3372847 |o 241 GIL 1957 |p 3372847 |r 2019-11-20 |w 2019-11-20 |x Descarte 2019 |y BK |k ICR | ||